[Event "GER-chT11-A email"]
[Site "GER email"]
[Date "2015.10.15"]
[Round "?.1"]
[White "Hensel, Olaf"]
[Black "Tauber, Hans"]
[Result "1/2-1/2"]
[WhiteElo "2397"]
[BlackElo "2525"]
[PlyCount "109"]
[EventDate "2015.??.??"]
[EventType "tourn (corr)"]
[EventRounds "8"]
[EventCountry "GER"]
[SourceTitle "Corr 2017"]
[Source "ChessBase"]
[SourceDate "2017.09.19"]
[SourceVersion "1"]
[SourceVersionDate "2017.09.19"]
[SourceQuality "1"]
[WhiteTeam "SC Uttenreuth"]
[BlackTeam "Hamburg SG BUE"]

1. e4 e6 2. d4 d5 3. Nc3 Bb4 4. e5 c5 5. a3 Bxc3+ 6. bxc3 Qa5 7. Bd2 Qa4 8. Qb1 c4 9. Nh3 Nc6 10. g3 Bd7 11. Nf4 0-0-0 12. Qd1 Kb8 13. Bh3 Nge7 14. 0-0 Bc8 15. Re1 b6 16. Bg4 h6 17. Ra2 Rhg8 18. h4 Na5 19. Qb1 Nac6 20. Bh3 Ka8 21. Qd1 Kb8 22. Ng2 Rdf8 23. Ne3 Na5 24. Qe2 Nac6 25. Raa1 Rd8 26. Bg2 Bb7 27. Rab1 Ka8 28. Qd1 Na5 29. Ra1 Kb8 30. Bh3 Rgf8 31. Qh5 Bc8 32. Qe2 Nac6 33. Qd1 Ka8 34. Re2 Rg8 35. Bg2 Rgf8 36. Qe1 Rde8 37. Qc1 Bb7 38. Qd1 Na5 39. Bh3 Kb8 40. h5 Bc8 41. Qe1 Nac6 42. f4 g6 43. Rh2 gxh5 44. Bg2 f5 45. exf6 Rxf6 46. Rxh5 Rg8 47. f5 Kb7 48. Qf2 Rgf8 49. g4 exf5 50. Nxd5 Nxd5 51. Bxd5 f4 52. Qe2 Qxc2 53. Qe7+ Ka8 54. Rxh6 Qxd2 55. Rxf6 1/2-1/2

[Event "GER-chT11-A email"]
[Site "GER email"]
[Date "2015.10.15"]
[Round "?.1"]
[White "Mueller, Ralf"]
[Black "Hensel, Olaf"]
[Result "0-1"]
[WhiteElo "2536"]
[BlackElo "2397"]
[PlyCount "20"]
[EventDate "2015.??.??"]
[EventType "tourn (corr)"]
[EventRounds "8"]
[EventCountry "GER"]
[SourceTitle "Corr 2017"]
[Source "ChessBase"]
[SourceDate "2017.09.19"]
[SourceVersion "1"]
[SourceVersionDate "2017.09.19"]
[SourceQuality "1"]
[WhiteTeam "The Underdogs"]
[BlackTeam "SC Uttenreuth"]

1. e4 e5 2. Nf3 Nc6 3. Bc4 Bc5 4. c3 Nf6 5. d3 a6 6. Bb3 0-0 7. 0-0 d6 8. Nbd2 Re8 9. h3 h6 10. Re1 Be6 0-1

[Event "GER-chT11-A email"]
[Site "GER email"]
[Date "2015.09.28"]
[Round "?"]
[White "Mueller, Gerhard1"]
[Black "Hensel, Olaf"]
[Result "1/2-1/2"]
[WhiteElo "2322"]
[BlackElo "2089"]
[PlyCount "51"]
[EventDate "2015.??.??"]
[EventType "tourn (corr)"]
[EventRounds "8"]
[EventCountry "GER"]
[SourceTitle "Corr 2020"]
[Source "ChessBase"]
[SourceDate "2019.09.30"]
[SourceVersion "1"]
[SourceVersionDate "2019.09.30"]
[SourceQuality "1"]

1. e4 e5 2. Nf3 Nc6 3. Bb5 a6 4. Ba4 Nf6 5. 0-0 Be7 6. Re1 b5 7. Bb3 0-0 8. h3 Bb7 9. d3 d5 10. exd5 Nxd5 11. Nxe5 Nd4 12. Bd2 c5 13. Nc3 Nxb3 14. axb3 Nb4 15. Ne4 Qd5 16. Nf3 Rfe8 17. Bxb4 cxb4 18. c4 bxc3 19. bxc3 a5 20. Re3 Bf8 21. Qe2 Bc6 22. c4 bxc4 23. bxc4 Qf5 24. Ng3 Qf4 25. d4 a4 26. Rxe8 1/2-1/2

[Event "GER-chT10 LJ-22 Br01 email"]
[Site "GER email"]
[Date "2013.10.04"]
[Round "?"]
[White "Hensel, Olaf"]
[Black "Jankowiak, Andreas"]
[Result "1-0"]
[WhiteElo "2049"]
[BlackElo "2013"]
[PlyCount "105"]
[EventDate "2013.10.15"]
[EventType "tourn (corr)"]
[EventRounds "8"]
[EventCountry "GER"]
[SourceTitle "Corr 2015"]
[Source "ChessBase"]
[SourceDate "2015.07.17"]
[SourceVersion "1"]
[SourceVersionDate "2015.07.17"]
[SourceQuality "1"]

1. e4 e5 2. Nf3 Nc6 3. Bb5 Nf6 4. d3 Bc5 5. c3 0-0 6. 0-0 d6 7. Nbd2 a6 8. Ba4 Ba7 9. h3 Ne7 10. Bc2 Ng6 11. Re1 Nh5 12. Nf1 Ngf4 13. d4 Qf6 14. Ng3 Nxg3 15. fxg3 Ng6 16. Bg5 Qe6 17. Be3 Qe7 18. Qd2 Be6 19. d5 Bxe3+ 20. Qxe3 Bd7 21. Rf1 f6 22. Nd2 Qe8 23. a4 b6 24. Kh2 Qc8 25. Qe2 b5 26. c4 bxc4 27. Nxc4 Qb7 28. Ra3 Rab8 29. Rc1 Qa7 30. Rc3 f5 31. exf5 Bxf5 32. Ne3 Bxc2 33. Qxc2 Rb7 34. Qe2 Qd4 35. b3 Qa7 36. h4 Qb8 37. h5 Ne7 38. Qxa6 h6 39. Qe2 Ra7 40. Qd1 Kh8 41. Qg4 Qc8 42. Qe6 Qxe6 43. dxe6 c5 44. Rd1 Ra6 45. Nc4 d5 46. Nxe5 Rxe6 47. Ng6+ Nxg6 48. hxg6 Rxg6 49. Rxd5 Rb6 50. Rdxc5 Kh7 51. a5 Rb7 52. R5c4 Rfb8 53. Ra4 1-0

[Event "GER-chT10 LJ-22 Br01 email"]
[Site "GER email"]
[Date "2013.10.04"]
[Round "?"]
[White "Hensel, Olaf"]
[Black "Serner, Arpad"]
[Result "1-0"]
[WhiteElo "2049"]
[BlackElo "2234"]
[PlyCount "95"]
[EventDate "2013.10.15"]
[EventType "tourn (corr)"]
[EventRounds "8"]
[EventCountry "GER"]
[SourceTitle "Corr 2015"]
[Source "ChessBase"]
[SourceDate "2015.07.17"]
[SourceVersion "1"]
[SourceVersionDate "2015.07.17"]
[SourceQuality "1"]

1. d4 Nf6 2. c4 g6 3. Nc3 d5 4. Nf3 Bg7 5. Qb3 dxc4 6. Qxc4 0-0 7. e4 a6 8. Be2 b5 9. Qb3 Nc6 10. e5 Be6 11. Qd1 Nd5 12. 0-0 Nxc3 13. bxc3 Bd5 14. h4 f6 15. exf6 exf6 16. a4 Rb8 17. axb5 axb5 18. Rb1 b4 19. cxb4 Bxf3 20. Bxf3 Nxd4 21. Bf4 f5 22. g3 Re8 23. Qd3 Qd7 24. Kh2 Nxf3+ 25. Qxf3 Be5 26. Bxe5 Rxe5 27. Rfc1 Rf8 28. Ra1 Qd4 29. h5 Re7 30. h6 Ref7 31. b5 f4 32. g4 Qb2 33. Kg2 Qxb5 34. Ra8 Qd7 35. Rxf8+ Rxf8 36. Rc6 Rd8 37. Rc4 Rf8 38. Re4 Qd5 39. Kh2 Qa2 40. Re7 Rf7 41. Re2 Qa4 42. Qd5 Qd7 43. Qa2 c6 44. f3 c5 45. Re4 Qd8 46. g5 Kf8 47. Qa1 Kg8 48. Ra4 1-0

[Event "GER-chT10 LJ-22 Br01 email"]
[Site "GER email"]
[Date "2013.10.04"]
[Round "?"]
[White "Vieth, Martin"]
[Black "Hensel, Olaf"]
[Result "1/2-1/2"]
[WhiteElo "1951"]
[BlackElo "2049"]
[PlyCount "86"]
[EventDate "2013.10.15"]
[EventType "tourn (corr)"]
[EventRounds "8"]
[EventCountry "GER"]
[SourceTitle "Corr 2015"]
[Source "ChessBase"]
[SourceDate "2015.07.17"]
[SourceVersion "1"]
[SourceVersionDate "2015.07.17"]
[SourceQuality "1"]

1. d4 Nf6 2. c4 e6 3. g3 d5 4. Bg2 Be7 5. Nf3 0-0 6. 0-0 dxc4 7. Qc2 a6 8. Qxc4 b5 9. Qc2 Bb7 10. Bd2 Be4 11. Qc1 Bb7 12. Bf4 Bd6 13. Rd1 Nbd7 14. Nc3 Qe8 15. a3 Rc8 16. b4 Nb6 17. Re1 Nfd7 18. e4 f6 19. Qc2 e5 20. Be3 Nc4 21. Bh3 f5 22. d5 c6 23. Qd1 Bb8 24. dxc6 Rxc6 25. a4 Nxe3 26. Rxe3 Rd6 27. Rd3 Rxd3 28. Qxd3 fxe4 29. Nxe4 Nf6 30. Nc5 e4 31. Qd1 Bd5 32. Ng5 e3 33. Be6+ Bxe6 34. Ngxe6 exf2+ 35. Kxf2 Ng4+ 36. Kg1 Qh5 37. Qd2 Re8 38. axb5 axb5 39. Re1 Bd6 40. h4 Qf5 41. Qa2 Qf7 42. Re2 h6 43. Nb7 Rc8 1/2-1/2

[Event "Remote S7 Top 74 email"]
[Site "Remote email"]
[Date "2013.09.09"]
[Round "?"]
[White "Hensel, Olaf"]
[Black "Scherer, Andreas"]
[Result "1/2-1/2"]
[WhiteElo "2509"]
[BlackElo "2531"]
[PlyCount "68"]
[EventDate "2013.??.??"]
[EventType "tourn (corr)"]
[EventRounds "6"]
[EventCountry "GER"]
[SourceTitle "Corr 2015"]
[Source "ChessBase"]
[SourceDate "2015.07.17"]
[SourceVersion "1"]
[SourceVersionDate "2015.07.17"]
[SourceQuality "1"]

1. Nf3 c5 2. e4 d6 3. d4 cxd4 4. Nxd4 Nf6 5. Nc3 a6 6. Bg5 e6 7. f4 Be7 8. Qf3 Qc7 9. 0-0-0 Nbd7 10. g4 b5 11. Bxf6 Nxf6 12. g5 Nd7 13. f5 0-0 14. Rg1 b4 15. Nce2 e5 16. f6 exd4 17. fxe7 Re8 18. Nxd4 g6 19. h4 Ne5 20. Qf4 d5 21. Kb1 dxe4 22. Bg2 Bb7 23. Bxe4 Bxe4 24. Rge1 Rxe7 25. Rxe4 Rd8 26. Rde1 Nc4 27. Qxc7 Rxc7 28. Re8+ Rxe8 29. Rxe8+ Kg7 30. Kc1 h5 31. gxh6+ Kxh6 32. b3 Nb6 33. Rh8+ Kg7 34. Rd8 Nd7 1/2-1/2

[Event "Remote S7 Top 74 email"]
[Site "Remote email"]
[Date "2013.09.09"]
[Round "?"]
[White "Hensel, Olaf"]
[Black "Warzecha, Helmut"]
[Result "1/2-1/2"]
[WhiteElo "2509"]
[BlackElo "2382"]
[PlyCount "167"]
[EventDate "2013.??.??"]
[EventType "tourn (corr)"]
[EventRounds "6"]
[EventCountry "GER"]
[SourceTitle "Corr 2015"]
[Source "ChessBase"]
[SourceDate "2015.07.17"]
[SourceVersion "1"]
[SourceVersionDate "2015.07.17"]
[SourceQuality "1"]

1. e4 c5 2. Nf3 d6 3. d4 cxd4 4. Nxd4 Nf6 5. Nc3 a6 6. Bg5 e6 7. f4 h6 8. Bh4 Qb6 9. Qd2 Qxb2 10. Rb1 Qa3 11. e5 dxe5 12. fxe5 Nfd7 13. Ne4 Qxa2 14. Rd1 Qd5 15. Qe3 Qxe5 16. Be2 Bc5 17. Bg3 Bxd4 18. Rxd4 Qa5+ 19. Rd2 0-0 20. Bd6 Rd8 21. Qg3 Nc6 22. Bc7 Qa1+ 23. Rd1 Qb2 24. 0-0 Rf8 25. Bd6 Nd4 26. Bg4 Nf5 27. Bxf5 exf5 28. Bxf8 Nxf8 29. Nd6 Qb6+ 30. Kh1 Qc6 31. h3 Be6 32. Nxf5 Bxf5 33. Rxf5 Rc8 34. Rd2 Qc7 35. Qd3 Ne6 36. Rd5 Qf4 37. Kg1 b5 38. Rd6 Qe5 39. Re2 Qc5+ 40. Kh1 Qg5 41. Rf2 Qc5 42. Qd2 Ra8 43. Rd7 Rf8 44. Kg1 Ng5 45. Qd4 Qc6 46. Rd6 Qe4 47. Qd3 Qa8 48. Rd7 Qc6 49. Qf5 Qc3 50. Kh2 Qc8 51. Re7 Qb8+ 52. Qf4 Qd8 53. Qc7 Qd5 54. Rf1 Ne6 55. Qd7 Qe5+ 56. Kg1 Qc5+ 57. Rf2 Nf4 58. Re8 g5 59. Qe7 Qxe7 60. Rxe7 Kg7 61. Ra7 Rc8 62. Rxa6 b4 63. Kh2 Rc7 64. Rb6 Nd5 65. Rb5 Ne3 66. Rxb4 Nxc2 67. Re4 Kg6 68. g4 Rc6 69. Re7 f6 70. Rd2 f5 71. Ree2 Nb4 72. Rd4 Nc2 73. Rdd2 Nb4 74. Rd4 Nc2 75. Rd1 Nb4 76. Re8 fxg4 77. hxg4 Rc2+ 78. Kh1 Rc6 79. Red8 Kf6 80. Kg2 Ke7 81. Kf3 Rc4 82. R8d7+ Ke6 83. R1d2 Nc6 84. R2d6+ 1/2-1/2

[Event "Remote S7 Top email"]
[Site "Remote email"]
[Date "2013.03.13"]
[Round "?"]
[White "Hensel, Olaf"]
[Black "Dietrich, Udo"]
[Result "1-0"]
[WhiteElo "2502"]
[BlackElo "2426"]
[PlyCount "117"]
[EventDate "2013.??.??"]
[EventType "tourn (corr)"]
[EventRounds "6"]
[EventCountry "GER"]
[SourceTitle "Corr 2015"]
[Source "ChessBase"]
[SourceDate "2015.07.17"]
[SourceVersion "1"]
[SourceVersionDate "2015.07.17"]
[SourceQuality "1"]

1. e4 c6 2. d4 d5 3. e5 Bf5 4. Nf3 e6 5. Be2 Nd7 6. 0-0 Bg6 7. a4 h6 8. a5 Ne7 9. h3 Nf5 10. c4 dxc4 11. Bxc4 b6 12. Bd2 Be7 13. Nc3 b5 14. Bd3 Rc8 15. Qb1 0-0 16. Rd1 Bb4 17. Ne2 Bxd2 18. Rxd2 Nb8 19. Be4 Ne7 20. Bxg6 Nxg6 21. Nc3 Na6 22. Ne4 Nb4 23. Nc5 Ne7 24. Rd1 Nf5 25. Qc1 Qe7 26. Qd2 Nd5 27. g3 Ra8 28. Rac1 Rac8 29. Rc2 Rcd8 30. Rdc1 Qc7 31. h4 Nfe7 32. h5 Qc8 33. Nh4 Kh7 34. g4 g5 35. Ng2 Qc7 36. Kh1 Kg7 37. Rf1 Rg8 38. f4 gxf4 39. Nxf4 Nxf4 40. Qxf4 Nd5 41. Qc1 Qe7 42. Ne4 Kh7 43. g5 Rxg5 44. Nxg5+ hxg5 45. Rxc6 Nf4 46. Rc7 Rd7 47. Rc8 Rd8 48. Qc7 Qxc7 49. Rxc7 a6 50. Ra7 Rh8 51. Rxa6 Kh6 52. Rf2 Rc8 53. d5 Nxd5 54. Rxf7 Kxh5 55. Rxe6 Kg4 56. Rf1 Ne3 57. Re1 Rh8+ 58. Kg1 Nc2 59. Rf1 1-0

[Event "Remote S7 Top 67 email"]
[Site "Remote email"]
[Date "2012.11.13"]
[Round "?"]
[White "Hensel, Olaf"]
[Black "Tauscher, Karl"]
[Result "1/2-1/2"]
[WhiteElo "2490"]
[BlackElo "2465"]
[PlyCount "65"]
[EventDate "2012.??.??"]
[EventType "tourn (corr)"]
[EventRounds "6"]
[EventCountry "GER"]
[SourceTitle "Corr 2015"]
[Source "ChessBase"]
[SourceDate "2015.07.17"]
[SourceVersion "1"]
[SourceVersionDate "2015.07.17"]
[SourceQuality "1"]

1. e4 e5 2. Nf3 Nc6 3. Bb5 a6 4. Ba4 Nf6 5. 0-0 Be7 6. Re1 b5 7. Bb3 d6 8. c3 0-0 9. h3 Na5 10. Bc2 c5 11. d4 Qc7 12. d5 Bd7 13. b3 g6 14. Bh6 Rfc8 15. Nbd2 c4 16. b4 Nb7 17. a4 a5 18. Qb1 bxa4 19. Bxa4 axb4 20. Qxb4 Nc5 21. Bc2 Rab8 22. Qa3 Nb3 23. Bxb3 cxb3 24. Re3 b2 25. Rb1 Nh5 26. Rxb2 Ra8 27. Qb3 Rcb8 28. Qc4 Qa7 29. Rxb8+ Rxb8 30. Qf1 Bf8 31. Bxf8 Kxf8 32. Re1 Ra8 33. Qc4 1/2-1/2